[Event "European Rapid 2017"]
[Site "Katowice POL"]
[Date "2017.12.16"]
[Round "5.16"]
[White "Fressinet, Laurent"]
[Black "Kourousis, Epaminondas"]
[Result "1-0"]
[WhiteTitle "GM"]
[BlackTitle "IM"]
[WhiteElo "2662"]
[BlackElo "2393"]
[WhiteFideId "608742"]
[BlackFideId "4211626"]
[EventDate "2017.12.16"]

1. e4 c5 2. Nf3 Nc6 3. Bb5 Qc7 4. Nc3 Nf6 5. d3 a6 6. Bxc6 dxc6 7. h3 e5 8. O-O
h6 9. Nd2 Be6 10. b3 O-O-O 11. Nc4 g5 12. Bd2 Be7 13. Na4 b5 14. Ba5 Qb8 15. Rb1
Nd7 16. Qd2 Rdg8 17. b4 g4 18. h4 g3 19. bxc5 Nxc5 20. Qb4 Bxc4 21. dxc4 Qd6 22.
cxb5 Nxa4 23. Qxa4 cxb5 24. Qb3 Bxh4 25. f3 Bd8 26. Qc3+ Kb7 27. Rfd1 Qc6 28.
Qxc6+ Kxc6 29. Bc3 Bb6+ 30. Kf1 f6 31. Bb4 Bc7 32. c4 bxc4 33. Rdc1 Rb8 34.
Rxc4+ Kd7 35. Rd1+ Kc8 36. Be7 Rh7 37. Bxf6 Rd7 38. Rdc1 Rb5 39. a4 Ra5 40. Bh4
Rg7 41. Bxg3 Rxg3 42. Rxc7+ Kd8 43. R7c4 h5 44. Kf2 Rg6 45. Rd1+ Ke7 46. Rc7+
Ke8 47. Rb1 Kd8 48. Rh7 Kc8 49. Rc1+ Kb8 50. Rc4 Rd6 51. Rxh5 1-0

[Event "European Rapid 2017"]
[Site "Katowice POL"]
[Date "2017.12.16"]
[Round "5.17"]
[White "Kreisl, Robert"]
[Black "Plat, Vojtech"]
[Result "1/2-1/2"]
[WhiteTitle "IM"]
[BlackTitle "GM"]
[WhiteElo "2440"]
[BlackElo "2567"]
[WhiteFideId "1613880"]
[BlackFideId "325740"]
[EventDate "2017.12.16"]

1. d4 d6 2. Nf3 Bg4 3. e4 Nd7 4. h3 Bh5 5. Nc3 c6 6. g4 Bg6 7. Bd3 e5 8. Qe2 Qb6
9. dxe5 dxe5 10. Bd2 Bd6 11. O-O-O Ne7 12. Nh4 Qc7 13. Nf5 Bxf5 14. exf5 Nc5 15.
Be3 Nxd3+ 16. Rxd3 Bb4 17. Ne4 Nd5 18. c4 O-O 19. Kb1 Nf4 20. Bxf4 exf4 21. f6
Qe5 22. fxg7 Rfe8 23. f3 Kxg7 24. Rhd1 a5 25. Qc2 a4 26. a3 Bf8 27. Qc3 Qxc3 28.
Rxc3 Rad8 29. Rcd3 Rxd3 30. Rxd3 h5 31. Rd7 hxg4 32. hxg4 b5 33. cxb5 cxb5 34.
Rd5 b4 35. Rg5+ Kh6 36. axb4 Bxb4 37. Rf5 Kg7 38. Rxf4 a3 39. bxa3 Bxa3 40. Rf5
Rc8 41. Ka2 Be7 42. Kb3 Rc7 43. Rb5 Rc1 44. Rf5 Rc7 45. Ng3 Kg6 46. Nh5 Rc1 47.
Nf4+ Kg7 48. Nd5 Bd8 49. Nc3 Bf6 50. Ne4 Be7 51. Nc3 Bf6 52. Nd5 Bd8 53. Nf4 Rc6
54. Nh5+ Kg6 55. Nf4+ Kg7 56. Nh5+ Kg6 1/2-1/2

[Event "European Rapid 2017"]
[Site "Katowice POL"]
[Date "2017.12.16"]
[Round "5.18"]
[White "Hansen, Mads Smith"]
[Black "Moranda, Wojciech"]
[Result "0-1"]
[BlackTitle "GM"]
[WhiteElo "2347"]
[BlackElo "2593"]
[WhiteFideId "1400258"]
[BlackFideId "1122401"]
[EventDate "2017.12.16"]

1. e4 c5 2. Nc3 d6 3. f4 Nc6 4. Nf3 g6 5. Bc4 Bg7 6. O-O e6 7. d3 Nge7 8. Qe1
O-O 9. f5 gxf5 10. Qh4 f6 11. Be3 Kh8 12. Bb3 Na5 13. Rae1 Nxb3 14. axb3 e5 15.
exf5 Nxf5 16. Qh5 Be6 17. Bd2 Qe8 18. Qxe8 Raxe8 19. Nb5 a6 20. Nc7 Re7 21. Nxe6
Rxe6 22. g4 Nd4 23. Nxd4 cxd4 24. c4 dxc3 25. bxc3 d5 26. Rf5 Kg8 27. d4 Rfe8
28. Ref1 a5 29. h4 b5 30. Ra1 Ra8 31. Kf2 a4 32. Kg3 Raa6 33. bxa4 bxa4 34. Bc1
Rec6 35. Ra3 Bf8 0-1

[Event "European Rapid 2017"]
[Site "Katowice POL"]
[Date "2017.12.16"]
[Round "5.19"]
[White "Bednarek, Sylwester"]
[Black "Tari, Aryan"]
[Result "1-0"]
[WhiteTitle "FM"]
[BlackTitle "GM"]
[WhiteElo "2307"]
[BlackElo "2593"]
[WhiteFideId "1101811"]
[BlackFideId "1510045"]
[EventDate "2017.12.16"]

1. d4 d5 2. Bf4 Nf6 3. e3 c5 4. c3 Nc6 5. Nd2 e6 6. Ngf3 Bd6 7. Bg3 O-O 8. Ne5
Qc7 9. f4 Ne7 10. Bd3 Nf5 11. Bf2 Be7 12. Qf3 b6 13. g4 Nd6 14. Qh3 Nfe4 15. g5
Bb7 16. Rg1 Nf5 17. Ndf3 cxd4 18. Nxd4 g6 19. Ng4 Qd6 20. Bxe4 dxe4 21. O-O-O
Qc5 22. Nf6+ Bxf6 23. gxf6 Rfd8 24. Rg5 Rd5 25. Rdg1 Rad8 26. Nxe6 fxe6 27.
Rxg6+ Kh8 28. f7 Ng7 29. Qh6 Qf8 30. Rxg7 Rd1+ 31. Rxd1 Rxd1+ 32. Kxd1 1-0

[Event "European Rapid 2017"]
[Site "Katowice POL"]
[Date "2017.12.16"]
[Round "5.20"]
[White "Klabis, Rokas"]
[Black "Dziuba, Marcin"]
[Result "0-1"]
[WhiteTitle "FM"]
[BlackTitle "GM"]
[WhiteElo "2366"]
[BlackElo "2584"]
[WhiteFideId "12805246"]
[BlackFideId "1112953"]
[EventDate "2017.12.16"]

1. e4 c5 2. Nc3 d6 3. g3 Nc6 4. Bg2 g6 5. f4 Bg7 6. Nf3 e6 7. O-O Nge7 8. d3 O-O
9. h3 b6 10. Ne2 Qd7 11. d4 Ba6 12. dxc5 bxc5 13. c3 Rab8 14. Qc2 d5 15. e5 d4
16. cxd4 cxd4 17. Rd1 Rfc8 18. Qd2 d3 19. Nc3 Nf5 20. Qf2 Ncd4 21. g4 Nxf3+ 22.
Bxf3 Nd4 23. Be4 Rxc3 24. bxc3 Ne2+ 25. Kh2 Qa4 26. Rxd3 Qxe4 27. Rd7 Bf8 28.
Bd2 g5 29. Re1 gxf4 30. Rd4 Qc2 31. Rxe2 Bxe2 32. Qxe2 Bc5 33. Qd3 Rb2 34. Rd8+
Kg7 35. Rg8+ Kxg8 36. Qd8+ Bf8 0-1

[Event "European Rapid 2017"]
[Site "Katowice POL"]
[Date "2017.12.16"]
[Round "5.21"]
[White "Janaszak, Dawid"]
[Black "Tregubov, Pavel V."]
[Result "1/2-1/2"]
[WhiteTitle "FM"]
[BlackTitle "GM"]
[WhiteElo "2372"]
[BlackElo "2575"]
[WhiteFideId "1119206"]
[BlackFideId "4115341"]
[EventDate "2017.12.16"]

1. e4 c5 2. Nf3 e6 3. d4 cxd4 4. Nxd4 Nc6 5. Nc3 Nf6 6. Ndb5 d6 7. Bf4 e5 8. Bg5
a6 9. Na3 b5 10. Nd5 Be7 11. Bxf6 Bxf6 12. c3 Bg5 13. Nc2 Rb8 14. a4 bxa4 15.
Ncb4 Nxb4 16. cxb4 O-O 17. Qxa4 Bb7 18. Bc4 Bxd5 19. Bxd5 Qb6 20. O-O Bd2 21.
Qxa6 Qxa6 22. Rxa6 Bxb4 23. b3 Bc5 24. Rfa1 g6 25. Ra8 Kg7 26. Rxb8 Rxb8 27. Ra8
Rb4 28. Ra4 Rb5 29. Kf1 f5 30. f3 Kf6 31. h4 fxe4 1/2-1/2

[Event "European Rapid 2017"]
[Site "Katowice POL"]
[Date "2017.12.16"]
[Round "5.22"]
[White "Hracek, Zbynek"]
[Black "Smolka, Marcin"]
[Result "1-0"]
[WhiteTitle "GM"]
[WhiteElo "2592"]
[BlackElo "2178"]
[WhiteFideId "300071"]
[BlackFideId "1139681"]
[EventDate "2017.12.16"]

1. e4 e5 2. Nf3 Nc6 3. d4 exd4 4. Nxd4 Nf6 5. Nxc6 bxc6 6. Qe2 Qe7 7. Nc3 d6 8.
Bd2 g6 9. O-O-O Bg7 10. f3 Rb8 11. g4 Be6 12. g5 Nd7 13. f4 Nc5 14. Qf3 Qd7 15.
Re1 O-O 16. Bg2 Rb4 17. b3 a5 18. f5 gxf5 19. exf5 Bxf5 20. Qxc6 Rg4 21. Qxd7
Bxd7 22. Bf3 Bxc3 23. Bxc3 Rxg5 24. Rhg1 h6 25. h4 Rg6 26. Rxg6+ fxg6 27. Bd5+
Rf7 28. Re7 Be6 29. Rxe6 c6 30. Re8+ 1-0

[Event "European Rapid 2017"]
[Site "Katowice POL"]
[Date "2017.12.16"]
[Round "5.23"]
[White "Bus, Konrad"]
[Black "Krasenkow, Michal"]
[Result "0-1"]
[BlackTitle "GM"]
[WhiteElo "2237"]
[BlackElo "2671"]
[WhiteFideId "1148362"]
[BlackFideId "1113100"]
[EventDate "2017.12.16"]

1. d4 d6 2. Nf3 Bg4 3. c4 Nd7 4. Nc3 e5 5. g3 c6 6. Bg2 Ngf6 7. O-O Be7 8. h3
Bxf3 9. Bxf3 O-O 10. b3 Re8 11. Bb2 Bf8 12. Bg2 e4 13. Rc1 d5 14. cxd5 cxd5 15.
Qd2 Qa5 16. e3 Rec8 17. Rc2 Rc6 18. Na4 Qxd2 19. Rxd2 Rac8 20. Nc5 Bxc5 21. dxc5
Rxc5 22. h4 Rc2 23. Rfd1 Rxd2 24. Rxd2 Rc6 25. g4 Nb6 26. g5 Nfd7 27. Bf1 Nc5
28. Bb5 Rc8 29. Bd4 a6 30. Bf1 Ncd7 31. a4 a5 32. Bb5 Rc1+ 33. Kg2 Nc5 34. Rb2
Nc8 35. b4 axb4 36. Rxb4 Nd3 37. Bxd3 exd3 38. Rb2 Rc2 39. Kf1 Rxb2 40. Bxb2 Nb6
41. Ke1 g6 42. Kd2 Nc4+ 43. Kc1 d2+ 0-1

[Event "European Rapid 2017"]
[Site "Katowice POL"]
[Date "2017.12.16"]
[Round "5.24"]
[White "Alekseev, Evgeny"]
[Black "Sieciechowicz, Marcin"]
[Result "0-1"]
[WhiteTitle "GM"]
[BlackTitle "IM"]
[WhiteElo "2616"]
[BlackElo "2387"]
[WhiteFideId "4138147"]
[BlackFideId "1130170"]
[EventDate "2017.12.16"]

1. e4 e6 2. d4 d5 3. Nc3 Nf6 4. e5 Nfd7 5. f4 c5 6. Nf3 Nc6 7. Be3 a6 8. Ne2 Qb6
9. Rb1 Qa5+ 10. Bd2 Qxa2 11. b3 Nb4 12. Bxb4 cxb4 13. Ra1 Qb2 14. Kf2 f6 15. Ne1
Bc5 16. Kg3 fxe5 17. Nd3 exf4+ 18. Kf3 Bxd4 19. Nxb2 Ne5+ 20. Kxf4 O-O+ 21. Kg3
Bf2+ 22. Kh3 Ng4 23. Nd3 e5 24. Nxf2 Nxf2+ 25. Kh4 Nxd1 26. Rxd1 Be6 27. Kg3 a5
28. h3 a4 29. Nc1 Rfc8 30. Rd2 Rc3+ 31. Kh2 Rac8 32. Bb5 a3 33. Nd3 Rxc2 34.
Rxc2 Rxc2 35. Nxe5 d4 36. Re1 Bd5 37. Bc4 Bxc4 38. Nxc4 Rxc4 0-1

[Event "European Rapid 2017"]
[Site "Katowice POL"]
[Date "2017.12.16"]
[Round "5.25"]
[White "Ponkratov, Pavel"]
[Black "D'Costa, Lorin A R"]
[Result "1-0"]
[WhiteTitle "GM"]
[BlackTitle "IM"]
[WhiteElo "2613"]
[BlackElo "2391"]
[WhiteFideId "4157800"]
[BlackFideId "409219"]
[EventDate "2017.12.16"]

1. e4 c5 2. Nf3 e6 3. c3 Nf6 4. Bd3 Nc6 5. Bc2 d5 6. e5 Nd7 7. d4 Be7 8. O-O b6
9. a3 Ba6 10. Re1 Rc8 11. b4 cxd4 12. cxd4 Bc4 13. Be3 b5 14. Nbd2 Nb6 15. Qb1
h6 16. Nb3 Bxb3 17. Qxb3 Nc4 18. Bd3 a6 19. g3 Qd7 20. Red1 Qb7 21. Bd2 Rc7 22.
Bc3 Kd7 23. Bf1 Ra8 24. Ne1 Qb6 25. Nd3 Nxd4 26. Bxd4 Qxd4 27. Nc5+ Bxc5 28.
Rxd4 Bxd4 29. Rd1 Bxe5 30. Qf3 Nd6 31. Bh3 Ke7 32. Re1 Rc3 33. Qh5 Bf6 34. Qxd5
Rc1 35. Qxa8 Rxe1+ 36. Kg2 Bd4 37. Bg4 Ra1 38. Qb8 Ne8 39. Qb7+ Kf8 40. Qd7 e5
41. Bf3 Ra2 42. Bc6 Rxf2+ 43. Kh3 g5 44. Qxe8+ Kg7 45. Qe7 Rf6 46. Bd5 h5 47. g4
hxg4+ 48. Kxg4 Kg6 49. Be4+ Kg7 50. Kxg5 Be3+ 51. Kh5 Bf4 52. h3 Re6 53. Qd7
Rh6+ 54. Kg4 Rf6 55. h4 1-0

[Event "European Rapid 2017"]
[Site "Katowice POL"]
[Date "2017.12.16"]
[Round "5.26"]
[White "Rocha, Sergio"]
[Black "Bartel, Mateusz"]
[Result "1/2-1/2"]
[WhiteTitle "IM"]
[BlackTitle "GM"]
[WhiteElo "2370"]
[BlackElo "2609"]
[WhiteFideId "1900404"]
[BlackFideId "1112635"]
[EventDate "2017.12.16"]

1. d4 e6 2. c4 b6 3. Nf3 Bb7 4. g3 Bb4+ 5. Bd2 Bxf3 6. exf3 Bxd2+ 7. Qxd2 d5 8.
cxd5 exd5 9. Nc3 Ne7 10. Bh3 O-O 11. O-O Nd7 12. Rfe1 Nf6 13. Rac1 a6 14. a3 Qd6
15. Na4 Nc6 16. Qc3 Na7 17. Qxc7 Qxc7 18. Rxc7 Nb5 19. Rb7 Nxd4 20. Rd1 Nxf3+
21. Kg2 Ne5 22. Nxb6 Rad8 23. Re7 Ng6 24. Rc7 Rfe8 25. Nd7 Re2 26. Nxf6+ gxf6
27. b4 Ne5 28. Rd4 Rd6 29. Rc5 Ra2 30. Rcxd5 Rxd5 31. Rxd5 Rxa3 32. Ra5 Rxa5 33.
bxa5 Nc6 34. Bc8 Nxa5 1/2-1/2

[Event "European Rapid 2017"]
[Site "Katowice POL"]
[Date "2017.12.16"]
[Round "5.27"]
[White "Kazakovskiy, Valeriy"]
[Black "Georgiev, Kiril"]
[Result "0-1"]
[WhiteTitle "IM"]
[BlackTitle "GM"]
[WhiteElo "2422"]
[BlackElo "2623"]
[WhiteFideId "13507443"]
[BlackFideId "2900017"]
[EventDate "2017.12.16"]

1. d4 Nf6 2. Nf3 e6 3. c4 d5 4. g3 dxc4 5. Bg2 a6 6. O-O b5 7. Ne5 c6 8. Nxc6
Qb6 9. Nxb8 Rxb8 10. e4 Bb7 11. Nc3 Be7 12. Be3 O-O 13. d5 Bc5 14. Bg5 exd5 15.
Bxf6 Qxf6 16. exd5 Rbd8 17. Qd2 Qd4 18. Qc2 Rfe8 19. Rad1 Qe5 20. Qd2 Qc7 21. a3
h6 22. Qc2 Qb6 23. Qd2 Bd6 24. Qc2 Bc8 25. Rd2 Bg4 26. Ne4 Bh5 27. Nc3 Be5 28.
Ne4 Bg6 29. Kh1 c3 30. bxc3 f5 31. f4 fxe4 32. fxe5 e3 33. Rd3 Rxe5 34. Re1 Kh8
35. Qe2 Bxd3 36. Qxd3 Qc5 37. a4 bxa4 38. c4 a3 39. Qc3 Rde8 40. Re2 a5 41. Bf3
Qb4 42. Qd3 Rc8 43. d6 Rd8 44. d7 Qe7 45. Bg4 h5 46. Bh3 a2 47. Qd4 Re4 48. Qd1
Rxc4 49. Rxa2 Qe4+ 50. Kg1 Rc5 51. Re2 Qc6 52. Rxe3 Rc1 53. Re8+ Kh7 54. Bf5+ g6
55. Bxg6+ Kxg6 56. Re6+ Qxe6 0-1

[Event "European Rapid 2017"]
[Site "Katowice POL"]
[Date "2017.12.16"]
[Round "5.28"]
[White "Wiewiora, Eneasz"]
[Black "Rodshtein, Maxim"]
[Result "0-1"]
[WhiteTitle "FM"]
[BlackTitle "GM"]
[WhiteElo "2320"]
[BlackElo "2699"]
[WhiteFideId "1140396"]
[BlackFideId "2806851"]
[EventDate "2017.12.16"]

1. Nf3 d5 2. c4 d4 3. g3 Nc6 4. d3 e5 5. Bg2 Bb4+ 6. Bd2 a5 7. O-O Nf6 8. Bg5
O-O 9. Nbd2 Be7 10. a3 a4 11. b4 axb3 12. Nxb3 Rxa3 13. Rxa3 Bxa3 14. Qa1 Be7
15. Nfd2 Nd7 16. Bxe7 Qxe7 17. Bxc6 bxc6 18. Qa5 Nf6 19. Ra1 Bh3 20. Qc5 Qe6 21.
Ra6 Qg4 22. f3 Qg5 23. Nf1 h5 24. Nbd2 Rb8 25. Qa3 Bxf1 26. Nxf1 Rb1 27. Kg2 h4
28. Rxc6 h3+ 29. Kf2 Qf5 30. Qa2 Rd1 31. Qa8+ Kh7 32. Rxf6 Qxf6 33. Qe4+ g6 34.
Qg4 Kg7 35. Qxh3 e4 36. dxe4 d3 37. exd3 Qd4+ 38. Kg2 Qxd3 39. Kf2 Qd4+ 40. Kg2
Qxc4 41. Kf2 Qd4+ 42. Kg2 c5 43. g4 c4 44. g5 c3 45. Qc8 Rb1 46. Ng3 c2 47. Ne2
Qd2 0-1

[Event "European Rapid 2017"]
[Site "Katowice POL"]
[Date "2017.12.16"]
[Round "5.29"]
[White "Nikitenko, Mihail"]
[Black "Brunello, Sabino"]
[Result "1/2-1/2"]
[WhiteTitle "IM"]
[BlackTitle "GM"]
[WhiteElo "2361"]
[BlackElo "2553"]
[WhiteFideId "13506862"]
[BlackFideId "813613"]
[EventDate "2017.12.16"]

1. e4 e5 2. Nf3 Nc6 3. Bb5 a6 4. Ba4 Nf6 5. d3 d6 6. c4 Bg4 7. h3 Bxf3 8. Qxf3
Nd7 9. Bxc6 bxc6 10. Be3 Be7 11. O-O Nf8 12. d4 Ng6 13. dxe5 Nxe5 14. Qe2 O-O
15. Nc3 Re8 16. Rad1 Qc8 17. c5 Rb8 18. cxd6 cxd6 19. b3 Bf8 20. Qc2 Ng6 21. Ne2
Qb7 22. Rc1 d5 23. Qxc6 dxe4 24. Qxb7 Rxb7 25. Rc6 a5 26. Ra6 Rb5 27. Rc1 Ne5
28. Rc7 Nd3 29. Raa7 f6 30. Nd4 Rd5 31. Rd7 Rxd7 32. Rxd7 Ra8 33. a4 Nc5 34. Rc7
Rb8 35. Nc6 Rxb3 36. Bxc5 Bxc5 37. Rc8+ Kf7 38. Ne5+ fxe5 39. Rxc5 Kf6 40. Rxa5
e3 41. fxe3 Rxe3 42. Ra7 Ra3 43. Kf2 h5 44. h4 g6 45. a5 Kf5 46. Ra8 Ra4 47. a6
Kg4 48. a7 Ra2+ 49. Kf1 Kxh4 50. Re8 Rxa7 51. Rxe5 Kg4 52. Kg1 h4 53. Re4+ Kh5
54. Kh2 Ra3 55. Rb4 g5 56. Rc4 Re3 57. Ra4 Re2 58. Kh3 Re3+ 59. Kh2 g4 60. Ra5+
Kg6 61. Ra2 Kg5 62. Ra8 Re5 63. Rg8+ Kf4 64. Rh8 h3 65. Rf8+ Rf5 66. Rxf5+ Kxf5
67. gxh3 gxh3 68. Kxh3 Ke5 1/2-1/2

[Event "European Rapid 2017"]
[Site "Katowice POL"]
[Date "2017.12.16"]
[Round "5.30"]
[White "Neiksans, Arturs"]
[Black "Przybylski, Wojciech"]
[Result "1-0"]
[WhiteTitle "GM"]
[BlackTitle "FM"]
[WhiteElo "2590"]
[BlackElo "2320"]
[WhiteFideId "11601388"]
[BlackFideId "1117599"]
[EventDate "2017.12.16"]

1. b3 e5 2. Bb2 Nc6 3. e3 Nf6 4. Bb5 Bd6 5. Na3 Na5 6. Nf3 Qe7 7. Nb1 a6 8. Be2
c5 9. d4 e4 10. Nh4 g6 11. dxc5 Bxc5 12. Nc3 O-O 13. g3 Nc6 14. Ng2 d5 15. Nf4
Be6 16. Qd2 d4 17. exd4 Bxd4 18. O-O-O Rfd8 19. Qe1 Nb4 20. Kb1 Bf5 21. a3 Nxc2
22. Kxc2 Bxf2 23. Qf1 Rxd1 24. Nxd1 e3+ 25. Bd3 Rc8+ 26. Nc3 Ne4 27. Nd5 Qe6 28.
g4 Qxd5 29. gxf5 Nd2 30. Bc4 Nxc4 31. bxc4 Qxf5+ 32. Qd3 Qf3 33. Rd1 Bh4 34. Kb3
Rd8 35. Nd5 b5 36. Ne7+ 1-0

[Event "European Rapid 2017"]
[Site "Katowice POL"]
[Date "2017.12.16"]
[Round "5.31"]
[White "Piorun, Kacper"]
[Black "Costachi, Mihnea"]
[Result "1-0"]
[WhiteTitle "GM"]
[BlackTitle "IM"]
[WhiteElo "2651"]
[BlackElo "2441"]
[WhiteFideId "1130420"]
[BlackFideId "1217518"]
[EventDate "2017.12.16"]

1. e4 e5 2. Nf3 Nc6 3. Bc4 Bc5 4. O-O d6 5. d3 Nf6 6. c3 a6 7. a4 h6 8. a5 Ba7
9. Bb3 g5 10. Be3 Bg4 11. Nbd2 O-O 12. Bxa7 Rxa7 13. Re1 Ne7 14. Nf1 Ng6 15. h3
Bd7 16. d4 Ra8 17. N3h2 Nf4 18. Ne3 Kg7 19. dxe5 dxe5 20. Nhg4 Bxg4 21. hxg4
Qxd1 22. Raxd1 Rad8 23. f3 Nd3 24. Re2 Nc5 25. Rxd8 Rxd8 26. Bc2 h5 27. gxh5
Nxh5 28. Nf5+ Kf6 29. g3 Ng7 30. Ne3 Kg6 31. b4 Nce6 32. Kf2 c6 33. Ng4 f6 34.
Ke3 Nh5 35. Rh2 Nc7 36. Bb3 Rf8 37. Kf2 Rh8 38. Ne3 Rd8 39. Nf5 Rd2+ 40. Kg1
Rxh2 41. Kxh2 Nb5 42. Bc4 Nxc3 43. Nd6 Ng7 44. Nxb7 f5 45. Bxa6 fxe4 46. fxe4
Ne6 47. Bc4 Nc7 48. Nd8 Kf6 49. Bd3 c5 50. bxc5 Na4 51. Nb7 Ke7 52. c6 Nb2 53.
Be2 Na4 54. Kh3 Nc3 55. Bd3 Nd1 56. Kg2 Ne6 57. a6 Nc7 58. a7 g4 59. Nc5 Nb2 60.
Na6 Na8 61. c7 Kd7 62. Bb5+ Kc8 63. Bc6 Nb6 64. a8=Q+ Nxa8 65. Bxa8 Nc4 66. Bd5
Nd6 67. Be6+ Kb7 68. c8=Q+ Nxc8 69. Nc5+ Kc7 70. Bxc8 1-0

[Event "European Rapid 2017"]
[Site "Katowice POL"]
[Date "2017.12.16"]
[Round "5.32"]
[White "Tomczak, Mikolaj"]
[Black "Demidov, Mikhail"]
[Result "0-1"]
[WhiteTitle "FM"]
[BlackTitle "IM"]
[WhiteElo "2372"]
[BlackElo "2523"]
[WhiteFideId "1175114"]
[BlackFideId "4197143"]
[EventDate "2017.12.16"]

1. d4 d5 2. c4 c6 3. Nf3 Nf6 4. e3 Bf5 5. Nc3 e6 6. Nh4 Be4 7. f3 Bg6 8. g3 Bh5
9. Be2 a6 10. O-O Nbd7 11. b3 Bb4 12. Bb2 O-O 13. a3 Ba5 14. Ng2 dxc4 15. bxc4
e5 16. c5 exd4 17. Qxd4 Bc7 18. g4 Bg6 19. f4 h6 20. Rad1 Qb8 21. e4 b6 22. e5
Nxe5 23. fxe5 Bxe5 24. Qf2 bxc5 25. Ba1 Bxh2+ 26. Kh1 Bg3 27. Qxc5 Re8 28. Bf3
Qb3 29. Ne2 Ne4 30. Qd4 Be5 31. Qg1 Bxa1 32. Rxa1 Nd2 33. Nd4 Qb8 34. Rf2 Ne4
35. Bxe4 Rxe4 36. Re2 Rxg4 37. Nxc6 Qb5 38. Ne7+ Kh7 39. Qe1 Bd3 40. Re3 Qb7 41.
Ra2 Be4 42. Rae2 Bxg2+ 43. Kh2 Bf3 44. Rc2 Re8 45. Rc5 Qb8+ 46. Kh3 Qf4 47. Qb1+
g6 48. Nd5 Bg2# 0-1

[Event "European Rapid 2017"]
[Site "Katowice POL"]
[Date "2017.12.16"]
[Round "5.33"]
[White "Kovalev, Vladislav"]
[Black "Sakalauskas, Vaidas"]
[Result "1/2-1/2"]
[WhiteTitle "GM"]
[BlackTitle "IM"]
[WhiteElo "2639"]
[BlackElo "2351"]
[WhiteFideId "13504398"]
[BlackFideId "12800457"]
[EventDate "2017.12.16"]

1. d4 Nf6 2. Bf4 d5 3. e3 e6 4. Nd2 Bd6 5. Bg3 c5 6. c3 Qc7 7. Ngf3 Nbd7 8. Bd3
e5 9. dxe5 Nxe5 10. Bxe5 Bxe5 11. Bb5+ Bd7 12. Bxd7+ Nxd7 13. e4 dxe4 14. Nxe4
O-O 15. O-O Nf6 16. Re1 Nxe4 17. Rxe4 Bf6 18. Qa4 Qb6 19. Re2 Rad8 20. Rae1 a6
21. g3 Qb5 22. Qe4 h6 23. Kg2 Rd7 24. Qf5 Rdd8 25. h4 Qc6 26. Re4 Rd5 27. Qf4
Rd3 28. R1e2 Rd5 29. Nh2 h5 30. Qf3 g6 31. Rf4 Rd6 32. Qxc6 Rxc6 33. Nf1 Rd8 34.
Rfe4 Rcd6 35. Ne3 b5 36. Kf1 Kg7 37. Ke1 Rd3 38. Kf1 Rd2 39. a4 R2d3 40. axb5
axb5 41. c4 R8d4 42. Rxd4 cxd4 43. Nd5 bxc4 44. Rc2 Rd1+ 45. Ke2 Rb1 46. Rxc4
Rxb2+ 47. Kf3 d3 48. Nxf6 Kxf6 49. Rd4 d2 50. Ke3 Ke5 51. Re4+ Kd5 52. Rd4+ Kc5
53. Rd8 Kc4 54. Rd4+ Kc5 55. Rd8 Kc4 56. Rd4+ Kc5 57. Rd8 1/2-1/2

[Event "European Rapid 2017"]
[Site "Katowice POL"]
[Date "2017.12.16"]
[Round "5.34"]
[White "Gajewski, Grzegorz"]
[Black "Lavendelis, Egons"]
[Result "1-0"]
[WhiteTitle "GM"]
[BlackTitle "FM"]
[WhiteElo "2601"]
[BlackElo "2278"]
[WhiteFideId "1116207"]
[BlackFideId "11601647"]
[EventDate "2017.12.16"]

1. d4 Nf6 2. Nf3 g6 3. g3 Bg7 4. Bg2 O-O 5. O-O d5 6. Nbd2 c6 7. b3 Ne4 8. Bb2
f5 9. Ne5 Nd7 10. Ndf3 e6 11. e3 g5 12. h3 c5 13. c4 cxd4 14. Bxd4 Nxe5 15. Nxe5
dxc4 16. Nxc4 Bxd4 17. exd4 b5 18. Nd2 Qxd4 19. Nxe4 Qxd1 20. Raxd1 fxe4 21.
Bxe4 Rb8 22. Rfe1 h6 23. b4 Kf7 24. Rc1 Re8 25. Re3 Re7 26. Rf3+ Kg7 27. Rfc3
Ba6 28. Rc7 Kf6 29. Rxe7 Kxe7 30. Rc7+ Kd6 31. Rxa7 Rb6 32. Rh7 Bc8 33. Rxh6 Ra6
34. Rg6 Rxa2 35. Rxg5 Bd7 36. h4 Rb2 37. h5 Rxb4 38. f3 Bc6 39. Bxc6 Kxc6 40. h6
Rb1+ 41. Kg2 Rb2+ 42. Kh3 Rb1 43. Rh5 1-0

[Event "European Rapid 2017"]
[Site "Katowice POL"]
[Date "2017.12.16"]
[Round "5.35"]
[White "Saric, Ante"]
[Black "Koscielski, Janusz"]
[Result "1/2-1/2"]
[WhiteTitle "GM"]
[BlackTitle "FM"]
[WhiteElo "2540"]
[BlackElo "2339"]
[WhiteFideId "14506254"]
[BlackFideId "4614437"]
[EventDate "2017.12.16"]

1. Nf3 Nf6 2. g3 g6 3. b3 Bg7 4. Bb2 d6 5. d4 c5 6. Bg2 Ne4 7. O-O O-O 8. c4 Nc6
9. Nbd2 Bf5 10. Nh4 Nxd2 11. Qxd2 Nxd4 12. Bxd4 cxd4 13. Nxf5 gxf5 14. Bxb7 Rb8
15. Bf3 Qb6 16. Rab1 a5 17. h3 Qc5 18. Qd3 Rb6 19. g4 f4 20. Kg2 Rfb8 21. Be4 h6
22. Qf3 Qg5 23. e3 fxe3 24. fxe3 Rf8 25. exd4 Bxd4 26. Bd5 Qg7 27. Rbe1 Be5 28.
Qe3 Rbb8 29. Re2 e6 30. Bf3 Qg5 31. Qxg5+ hxg5 32. c5 Rfc8 33. cxd6 Bxd6 34. Rd1
Bf4 35. Rd7 Rc5 36. Be4 Rb4 37. Bd3 Rc3 38. Rc2 Rxc2+ 39. Bxc2 Be5 40. Ra7 Rb5
41. Kf3 Rc5 42. Bd3 Rc3 43. Ke2 Bc7 44. Kd2 Rc5 45. Bc4 Kg7 46. Kd3 Kf6 47. a3
Bf4 48. a4 Re5 49. Bb5 Re3+ 50. Kc2 Rxh3 51. Be8 Rg3 52. Rxf7+ Ke5 53. Ra7 Rxg4
54. Rxa5+ Kd4 55. Ra6 Rg2+ 56. Kd1 Rb2 57. Rxe6 Rxb3 58. a5 Ra3 59. a6 g4 60.
Rg6 g3 61. Kc2 g2 62. Kb2 Rxa6 1/2-1/2

[Event "European Rapid 2017"]
[Site "Katowice POL"]
[Date "2017.12.16"]
[Round "5.36"]
[White "Meskovs, Nikita"]
[Black "Reichmann, Hendrik"]
[Result "1-0"]
[WhiteTitle "GM"]
[BlackTitle "FM"]
[WhiteElo "2538"]
[BlackElo "2337"]
[WhiteFideId "11602740"]
[BlackFideId "4647823"]
[EventDate "2017.12.16"]

1. Nf3 d6 2. c4 g6 3. g3 Bg7 4. Bg2 e5 5. Nc3 c5 6. d3 Nc6 7. a3 Nge7 8. Rb1 b6
9. b4 Bb7 10. O-O O-O 11. Ne1 Rb8 12. Nc2 f5 13. Bg5 h6 14. Bxe7 Nxe7 15. Ne3
Bxg2 16. Kxg2 h5 17. Ned5 Nc6 18. e3 f4 19. Qa4 Rc8 20. b5 Na5 21. Ne4 Bh6 22.
Kh1 Rb8 23. gxf4 exf4 24. Rg1 Kh7 25. exf4 Bxf4 26. Nxf4 Rxf4 27. Ng5+ Kg8 28.
Ne6 Qf6 29. Nxf4 Qxf4 30. Rxg6+ Kh7 31. Rg2 Re8 32. Qd1 Re5 33. Rg3 Rf5 34. Qg1
Rf7 35. Qg2 1-0